LEADER 00698nam a2200169 i 4500 001 000000016826 003 CaOOAMICUS 005 20180830125443.0 008 180830n it u000 u ita u 040 $aSeMil$bita 245 10$aCostituzioni dell'Ordine della Visitazione Santa Maria. 260 $a[S.l. :$bs.n.],$c[1970?]$e(Roma :$fTip. S. F. di Sales,$g[1970?]) 300 $a2 v. ;$c19 cm. 650 4$aOrdine della Visitazione Santa Maria - Regole e costituzioni.$0(OLS)http://semarc/subject/2751 774 0 $t[2].$gParte2$w()139864 996 $6245$aCostituzioni dell'Ordine della Visitazione Santa Maria$9(OLS)http://semarc/title/22258 996 $6260$a[S.l. :$bs.n.]$9(OLS)http://semarc/publisher/29751 LEADER 01890nam a2200277 i 4500 001 000000030224 003 CaOOAMICUS 005 20200417133408.0 008 180830s1729 it u000 u ita u 040 $aSeMil$bita 100 0 $aTertullianus, Quintus Septimius Florens,$d.$0(OLS)http://semarc/name/1146 245 10$aTertullianus praedicans, et supra quamlibet materiam omnibus anni dominicis, & festis non ordinariis solum, sed etiam extraordinariis; singulisque quadragesimae feriis praedicabilem ordine alphabetico copiose dispositam, sex ad minus formans ... cum duplici indice, ... auctore r.p. Michaele Vivien, ... Tomus 1. [-2.]. 250 $aEditio septima, correcta, et emendata. 264 1$aPatavii :$bEx Typographia Seminarii ; Apud Joannem Manfrč,$c1729. 300 $a2 v. ;$cfol. 500 $aTesto su due colonne. - Marca : Fenice tra le fiamme volge lo sguardo verso il sole. Motto: Post fata resurgo (Repertorio consultato: Marques d'impressors, Univ. di Barcellona). 700 1 $aVivien, Michel .$0(OLS)http://semarc/name/13844 700 1 $aManfrč, Giovanni,$c.$0(OLS)http://semarc/name/1034 710 2 $aTipografia del Seminario$b.$0(OLS)http://semarc/name/1033 774 0 $tTomus 1.$w()231404 774 0 $tTomus 2.$w()231406 900 0 $aTertulliano,$d. 996 $6245$aTertullianus praedicans, et supra quamlibet materiam omnibus anni dominicis, & festis non ordinariis solum, sed etiam extraordinariis; singulisque quadragesimae feriis praedicabilem ordine alphabetico copiose dispositam, sex ad minus formans ... cum duplici indice, ... auctore r.p. Michaele Vivien, ... Tomus 1. [-2.]$9(OLS)http://semarc/title/41113 996 $6264$aPatavii :$bEx Typographia Seminarii ; Apud Joannem Manfrč$9(OLS)http://semarc/publisher/38419